Klub Klikařů. Prokleté Velikonoce /
Další kniha série dobrodružných příběhů party kamarádů.
Uloženo v:
| Série: | Klub Klikařů,
část 2 |
|---|---|
| Hlavní autor: | |
| Další autoři: | |
| Médium: | E-kniha |
| Jazyk: | Czech |
| Vydáno: |
V Praze :
Fragment,
2023
|
| Vydání: | 1. vydání |
| Témata: | |
| Příbuzné jednotky: | Z cyklu::
Klub Klikařů |
| Tagy: |
Žádné tagy |
| LEADER | 02555nam a2200493 i 4500 | ||
|---|---|---|---|
| 001 | 311832 | ||
| 003 | CZ PrSKC | ||
| 005 | 20260601215712.0 | ||
| 007 | ta | ||
| 008 | 230117s2023 xr a c 000 j cze | ||
| 015 | |a cnb003493650 | ||
| 020 | |a 9788025361849 |q (vázáno) : |c Kč 299,00 | ||
| 035 | |a (OCoLC)1372328357 | ||
| 040 | |a ABG001 |b cze |d OLA001 |e rda | ||
| 072 | 7 | |a 821.162.3-3 |x Česká próza |2 Konspekt | |
| 072 | 7 | |a 821-93 |x Literatura pro děti a mládež (beletrie) |2 Konspekt | |
| 080 | |a 821.162.3-32 |2 MRF | ||
| 080 | |a 821-93 |2 MRF | ||
| 080 | |a (0:82-321.3) |2 MRF | ||
| 100 | 1 | |a Matějka, Vít Martin, |d 1982- |7 xx0117796 |4 aut | |
| 245 | 1 | 0 | |a Klub Klikařů. |p Prokleté Velikonoce / |c Vít Martin Matějka ; ilustroval Jaroslav Kratochvíl |
| 246 | 3 | 0 | |a Prokleté Velikonoce |
| 250 | |a 1. vydání | ||
| 264 | 1 | |a V Praze : |b Fragment, |c 2023 | |
| 300 | |a 136 stran : |b ilustrace ; |c 21 cm | ||
| 336 | |a text |b txt |2 rdacontent | ||
| 337 | |a bez média |b n |2 rdamedia | ||
| 338 | |a svazek |b nc |2 rdacarrier | ||
| 520 | 2 | |a Další kniha série dobrodružných příběhů party kamarádů. |b Jaro je v plném proudu. Příroda ožívá, nad Plzní se však stahují temná mračna a Velikonoce tentokrát nebudou svátky klidu a míru. Nikdo ve městě už si není jistý bezpečím, ale ani soukromím. Může za to nová mobilní hra, která všechny pobláznila? Propadl jí i Jirka. Šárka s nikým nemluví a Lukáš se dál zabývá jen vysílačem na Krkavci. Vysílač však není jedinou cestou, jak ovládnout dav. Nakladatelská anotace. Kráceno. | |
| 521 | 8 | |a Pro čtenáře od 9 let | |
| 655 | 7 | |a české příběhy |7 fd133973 |2 czenas | |
| 655 | 7 | |a dobrodružné příběhy |7 fd132060 |2 czenas | |
| 655 | 7 | |a publikace pro děti |7 fd133156 |2 czenas | |
| 655 | 9 | |a Czech stories |2 eczenas | |
| 655 | 9 | |a adventure stories |2 eczenas | |
| 655 | 9 | |a children's literature |2 eczenas | |
| 700 | 1 | |a Kratochvíl, Jaroslav, |d 1993- |7 xx0313636 |4 ill | |
| 787 | 0 | 8 | |i Z cyklu: |t Klub Klikařů |g 2 |
| 900 | |a ABA001 |b 20 | ||
| 928 | 9 | |a Albatros Media - Fragment | |
| 044 | |a xr | ||
| 910 | |a RBIT002 | ||
| 998 | |d 367578 |a https://core.palmknihy.cz/api/books/367578/cover?si7z0b |b https://core.palmknihy.cz/api/books/367578/cover/400?si7z0b |c https://core.palmknihy.cz/api/books/367578/cover/50?si7z0b |e 2032-12-31 |g 144 |i 9788025361849 |j https://core.palmknihy.cz/api/books/367578/preview.epub |k https://core.palmknihy.cz/api/books/367578/preview.pdf |l |q 49 |r 1 |s https://www.palmknihy.cz/kniha/367578 |t ebook |y 2023 |z 0 |v Klub Klikařů |w 2 | ||
| 999 | |d 311830 | ||